Orixás, Caboclos e Guias: Deuses ou Demônios? / (Record no. 298)

MARC details
000 -LÍDER
campo de controle de tamanho fixo 01123nam a22003137a 4500
001 - NÚMERO DE CONTROLE
campo de controle 298
003 - IDENTIFICADOR DO NÚMERO DE CONTROLE
campo de controle OSt
005 - DATA E HORÁRIO DA ÚLTIMA TRANSAÇÃO
campo de controle 20250528074017.0
008 - CAMPO DE DADOS FIXOS--INFORMAÇÃO GERAL
campo de controle de tamanho fixo 250320b |||||||| |||| 00| 0 eng d
020 ## - ISBN - INTERNATIONAL STANDARD BOOK NUMBER
ISBN - International Standard Book Number 9788123456725
040 ## - FONTE DA CATALOGAÇÃO
Idioma da catalogação por
041 ## - CÓDIGO DE IDIOMA
Código do idioma do original e/ou traduções intermediárias do texto por
082 ## - CDD - CLASSIFICAÇÃO DECIMAL DE DEWEY
Número de Classificação 289
Número do exemplar M141o
100 1# - ENTRADA PRINCIPAL--NOME PESSOAL
Nome pessoal Macedo, Edir
Títulos e outras palavras associadas ao nome Bispo,
Datas associadas ao nome 1945-
240 ## - TÍTULO UNIFORME
Título uniforme Orixás, Caboclos e Guias: Deuses ou Demônios?
245 ## - TÍTULO
Título Orixás, Caboclos e Guias: Deuses ou Demônios? /
250 ## - EDIÇÃO
Declaração de edição Macedo, Edir ;
260 ## - PUBLICAÇÃO, DISTRIBUIÇÃO, ETC.
Local de publicação, distribuição, etc. São Paulo
Nome do editor, distribuidor, etc. Unipro
Data da publicação, distribuição, etc. 1997
300 ## - DESCRIÇÃO FÍSICA
Extensão 205 p.
520 ## - NOTA DE RESUMO, ETC.
Resumo, etc. Na busca pela solução dos problemas muitas pessoas acabam se envolvendo e se enganando facilmente com crenças ilusórias. Neste livro, com uma narrativa simples e dinâmica, o leitor desvenda a influência da superstição e do sincretismo religioso existente e cultuado no Brasil.<br/>
650 #0 - ASSUNTO--TERMO TÓPICO
Cabeçalho tópico ou nome geográfico Religião
9 (RLIN) 100
650 #0 - ASSUNTO--TERMO TÓPICO
Cabeçalho tópico ou nome geográfico Critica religiosa
9 (RLIN) 583
650 #0 - ASSUNTO--TERMO TÓPICO
Cabeçalho tópico ou nome geográfico Espiritualidade
9 (RLIN) 16
650 #0 - ASSUNTO--TERMO TÓPICO
Cabeçalho tópico ou nome geográfico Igreja Universal do Reino de Deus​
9 (RLIN) 584
650 #0 - ASSUNTO--TERMO TÓPICO
Cabeçalho tópico ou nome geográfico Outras religiões
9 (RLIN) 585
655 #0 - TERMO DE ÍNDICE--GÊNERO E FORMA
Gênero/forma/ou termo foco Romance
655 #0 - TERMO DE ÍNDICE--GÊNERO E FORMA
Gênero/forma/ou termo foco Ficção
942 ## - ELEMENTOS DE ENTRADA ADICIONADOS (KOHA)
Fonte de classificação ou esquema de arquivamento Classificação decimal de Dewey
Tipo de material Koha Livros
Ocultar no OPAC Não
Holdings
Situação do descarte Situação das perdas Fonte de classificação ou esquema de arquivamento Status danificado Não pode ser emprestado Coleção Biblioteca de origem Biblioteca atual Localização na estante Data de aquisição Fonte de aquisição Total de empréstimos Número de chamada completo Código de barras Data de último acesso Data do preço efetivo Tipo de material Koha
    Classificação decimal de Dewey     Não ficção Biblioteca Professor Eduardo Afonso de Castro Biblioteca Professor Eduardo Afonso de Castro Religiosidades 20.03.2025 doação   289 / M141o 2025-17251 20.03.2025 20.03.2025 Livros

Powered by Koha